MARC

LEADER 00000nam0a2200000 4500
001 58375
005 20231101211727.0
010 |a 5060042235 
035 |a (RuTPU)RU\TPU\book\61658 
090 |a 58375 
100 |a 20031201d2003 km y0rusy50 ca 
101 0 |a rus 
102 |a RU 
105 |a y j 001zd 
200 1 |a Немецкая классическая философия  |e учебник для вузов  |f В. Н. Кузнецов 
205 |a 2-е изд., испр. и доп. 
210 |a Москва  |c Высшая школа  |d 2003 
215 |a 438 с. 
225 1 |a История философии 
320 |a Библиогр.: с. 421-424. 
320 |a Указатель имен: с. 425-427. 
320 |a Предметный указатель: с. 428-433. 
600 1 |a Кант  |g Иммануил  |b И.  |c родоначальник немецкой классической философии  |f 1724-1804  |2 stltpui  |3 (RuTPU)RU\TPU\pers\208 
600 1 |a Шеллинг  |g Фридрих Вильгельм  |b Ф. В.  |c немецкий философ  |f 1775-1854  |2 stltpui  |3 (RuTPU)RU\TPU\pers\882 
600 1 |a Фихте  |g Иоганн Готлиб  |b И. Г.  |c немецкий философ  |f 1762-1814  |2 stltpui  |3 (RuTPU)RU\TPU\pers\944 
600 1 |a Гегель  |g Георг Вильгельм Фридрих  |b Г. В. Ф.  |c немецкий философ  |f 1770-1831  |2 stltpui  |3 (RuTPU)RU\TPU\pers\947 
600 1 |a Фейербах  |g Людвиг  |b Л.  |c немецкий философ  |f 1804-1872  |2 stltpui  |3 (RuTPU)RU\TPU\pers\379 
606 1 |a Классическая немецкая философия  |2 stltpush  |3 (RuTPU)RU\TPU\subj\14477  |9 40858 
610 1 |a философия 
610 1 |a история 
610 1 |a 18 век 
610 1 |a 19 век 
610 1 |a учебники 
686 |a Ю3(4Г)5-563я73  |v LBC/SL-A  |2 rubbk 
700 1 |a Кузнецов  |b В. Н.  |g Виталий Николаевич 
801 1 |a RU  |b 63413507  |c 20031201  |g PSBO 
801 2 |a RU  |b 63413507  |c 20141117  |g PSBO 
900 |a Философия 
942 |c BK 
951 |a 520400  |b 020100 
959 |a 118/20040908  |d 1  |e 148,94  |f ЧЗГЛ:1